A gyermekmunka következményei és megoldási lehetőségei

Elmentve itt :
Bibliográfiai részletek
Szerző: Martus Bettina
Dokumentumtípus: Prezentáció
Kulcsszavak:gyermekmunka
Tárgyszavak:
Online Access:http://eta.bibl.u-szeged.hu/4166
LEADER 00676nnm a2200193 i 4500
001 eta4166
005 20201211092552.0
008 201211suuuu hu o 0|| hun d
040 |a SZTE Elektronikus Tananyag Archívum  |b hun 
041 |a hun 
100 1 |a Martus Bettina 
245 1 2 |a A gyermekmunka következményei és megoldási lehetőségei  |h [elektronikus dokumentum] /  |c  Martus Bettina 
300 |a 14 
516 |a Presentation 
650 4 |a Társadalomtudományok 
650 4 |a Közgazdasági és gazdálkodástudományok 
650 4 |a Gazdálkodás és menedzsment 
695 |a gyermekmunka 
856 4 0 |u https://eta.bibl.u-szeged.hu/4166/1/2010-0012_87_03.pdf  |z Dokumentum-elérés